[Event "XXXI Torre Memorial 2019"]
[Site "Merida"]
[Date "2019.12.17"]
[Round "8.3"]
[White "Almeida Quintana, Omar"]
[Black "Santiago, Yago De Moura"]
[Result "1/2-1/2"]
[WhiteElo "2554"]
[BlackElo "2479"]
[Annotator "TA"]
[PlyCount "80"]
[EventDate "2019.12.13"]
[EventType "swiss"]
[EventCountry "MEX"]
[SourceTitle "playchess.com"]
[Source "ChessBase"]
[SourceQuality "1"]

{[%evp 22,80,15,29,15,9,36,41,125,16,132,116,135,64,53,67,83,63,66,59,58,17,58,58,58,50,50,50,50,50,50,50,51,43,45,43,43,43,43,43,43,43,43,43,43,42,43,43,43,42,43,0,43,43,43,43,47,38,38,16,29986]} 1. d4 e6 2. c4 d5 3. Nf3 Nf6 4. Nc3 c6 5. e3 Nbd7 6. Qc2 Bd6 7. Be2 O-O 8. O-O dxc4 9. Bxc4 b5 10. Be2 Bb7 11. Rd1 Qb8 12. e4 {[#] Hoping for e5.} e5 {D46: Semi-Slav: 5 e3 Nbd7 6 Bd3, Black avoids the Meran} 13. Bg5 exd4 14. Rxd4 {And now Rad1 would win.} Be5 {[#]} (14... c5 $14 15. Rd2 b4) 15. Rd2 $146 (15. Nxe5 $16 Qxe5 16. Qd2) ({Predecessor:} 15. Rdd1 b4 16. Na4 c5 17. Bxf6 Nxf6 18. Nxe5 Qxe5 19. Qxc5 Qf4 20. Qxb4 Nxe4 21. Bf3 Rab8 22. Nc5 Ba8 23. Qd4 Rfe8 24. Bxe4 Bxe4 25. f3 {1-0 (25) Shariyazdanov,A (2539)-Bocharov,D (2345) Tomsk 1999}) 15... b4 (15... Bxc3 $11 {keeps the balance.} 16. bxc3 c5) 16. Na4 $16 c5 17. Nxc5 (17. Bxf6 $1 $16 Nxf6 18. Nxc5) 17... Nxc5 $14 18. Qxc5 {[%mdl 64] [#] Double Attack} Re8 19. Nxe5 ({Much worse is} 19. Qxb4 $6 Nxe4 20. Nxe5 Qxe5 $11) 19... Nxe4 {[%mdl 64] Double Attack} 20. Nd7 $1 Qc8 21. Qxc8 Bxc8 22. Bf3 {Bxe4 is the strong threat.} Nxd2 23. Bxd2 Bxd7 24. Bxa8 Rxa8 25. Bxb4 {[%mdl 4096] Endgame KRB-KRB} a5 26. Bc3 a4 27. f3 Be6 28. Kf2 f6 29. a3 Rd8 30. Re1 Kf7 31. Re4 Bb3 32. h4 h5 33. Rb4 Rd7 34. Ke3 Kg6 35. Kf4 Rc7 36. Ke3 Rd7 37. g4 hxg4 38. fxg4 Rd1 39. Rb7 Rg1 40. Kf4 Rg3 $2 {[%mdl 40960] Accuracy: White = 51%, Black = 73%. . An unexpected result.} (40... Be6 $11) 1/2-1/2

[Event "XXXI Torre Memorial 2019"]
[Site "Merida"]
[Date "2019.12.17"]
[Round "8.4"]
[White "Martinez Ramirez, Lennis"]
[Black "Gonzalez Zamora, Juan Carlos"]
[Result "1/2-1/2"]
[WhiteElo "2454"]
[BlackElo "2535"]
[Annotator "TA"]
[PlyCount "127"]
[EventDate "2019.12.13"]
[EventType "swiss"]
[EventCountry "MEX"]
[SourceTitle "playchess.com"]
[Source "ChessBase"]
[SourceQuality "1"]

{[%evp 15,127,16,38,34,29,33,31,29,44,26,35,37,41,41,50,50,50,48,55,56,54,54,54,56,56,27,37,0,0,0,0,0,0,0,6,6,6,6,6,0,0,0,60,0,0,0,80,27,79,16,219,3,3,2,11,18,3,3,3,0,0,0,0,0,0,0,0,0,0,-7,0,-33,0,0,0,0,0,0,0,0,0,0,0,0,0,0,0,0,0,0,0,0,0,0,0,0,0,0,0,0,0,0,0,0,0,0,0,0,0,0,0,0,0,0]} 1. d4 Nf6 2. c4 e6 3. Nf3 Bb4+ 4. Nbd2 b6 5. g3 Bb7 6. Bg2 O-O 7. O-O Bxd2 8. Qxd2 d6 9. b4 {E16: Queen's Indian: 4 g3 Bb7 5 Bg2 Bb4+} (9. b3 Nbd7 10. Bb2 Be4 11. Rfe1 Qc8 12. Qe3 Qb7 13. h3 b5 14. c5 Qd5 15. Rac1 a5 16. Bf1 a4 17. Nd2 axb3 18. axb3 Ra2 {½-½ (58) Mamedyarov,S (2763)-Andreikin,D (2683) Moscow 2010}) 9... a5 10. b5 Nbd7 11. Bb2 {White is slightly better.} Re8 12. Rfd1 $146 ({Predecessor:} 12. Ne1 Bxg2 13. Nxg2 e5 14. f3 e4 15. d5 Qe7 16. Rae1 Ne5 {1-0 (26) Loos,R (2323)-Sanchez Botella,L (2139) Cullera 2005}) 12... Qe7 13. Rac1 Rad8 14. d5 e5 15. Nh4 Bc8 16. e4 Nf8 17. Re1 Ng6 18. Nf5 Bxf5 19. exf5 Nf8 20. f4 N8d7 21. Re2 Qf8 22. fxe5 Nxe5 23. c5 bxc5 24. Bxe5 dxe5 25. Qxa5 Qd6 26. Qc3 e4 27. Qxc5 Qe5 $1 28. Qxc7 Qxf5 ({Better is} 28... Qd4+ $11 29. Kh1 Rxd5) 29. b6 (29. Rec2 $14) 29... Nxd5 $11 30. Bxe4 Qg4 (30... Qh5 $1 $11 {keeps the balance.} 31. Qc2 (31. Bxd5 Qxe2 32. Rf1 Kh8 $11) 31... Nxb6) 31. Qc4 ({White should play} 31. Qc2 $1 $16 {Hoping for b7.} Kh8 32. Rce1 Nxb6 33. Qc7) 31... Nf4 $1 {[%cal Rf4e2] [#]} 32. Ree1 ({Not} 32. Bxh7+ $2 Kxh7 33. Qxf4 (33. Rxe8 $2 Nh3+ 34. Kg2 Rd2+ 35. Re2 Rxe2+ {[%mdl 64] Overworked Piece} 36. Qxe2 Nf4+ {[%mdl 64] Double Attack} 37. Kg1 Nxe2+ $19) 33... Qxe2 $19) (32. Re3 $1 $16 Nh3+ 33. Kf1) 32... g6 $2 {[#]} (32... Rd2 $1 $11 33. Bxh7+ {[%mdl 64] Discovered Attack} Kxh7 34. Qxf4 Qxf4 35. gxf4 Ra8) 33. Bd5 $2 (33. Bd3 $1 $18 Rxe1+ 34. Rxe1 Nh3+ 35. Kg2) 33... Rxe1+ 34. Rxe1 Rxd5 35. Qxf4 Qxf4 36. gxf4 {[%mdl 4096] Endgame KR-KR} Rb5 37. a4 Rxb6 38. a5 Ra6 39. Re5 Rc6 40. Kf2 Rc4 41. Ke3 Ra4 42. f5 Kg7 43. Rc5 gxf5 44. Rxf5 {The position is equal.} Kg6 45. Rc5 f5 46. Kd3 Kg5 47. Kc3 Ra2 48. Kb4 Rxh2 49. a6 {a7 is the strong threat.} Rb2+ 50. Ka5 Rb8 51. a7 (51. Rc1 {looks sharper.} h5 52. Rg1+ Kf4 53. Rh1 Kg4 54. a7) 51... Ra8 52. Kb6 h5 53. Kb7 (53. Rc4 {is more complex.} Rh8 54. Rc7 h4 55. Rg7+ Kf4 56. Rh7) 53... Rxa7+ 54. Kxa7 {KR-KPP} h4 55. Rc8 h3 56. Rh8 Kg4 57. Kb6 f4 {aiming for ...f3.} 58. Rg8+ Kf3 {Strongly threatening ...h2.} 59. Kc5 h2 60. Rh8 Kg2 61. Kd4 h1=Q 62. Rxh1 Kxh1 63. Ke4 f3 64. Kxf3 {Accuracy: White = 56%, Black = 79%.} 1/2-1/2

[Event "XXXI Torre Memorial 2019"]
[Site "Merida"]
[Date "2019.12.17"]
[Round "8.5"]
[White "Macieja, Bartlomiej"]
[Black "Diaz Perez, Michel Alejandro"]
[Result "1-0"]
[WhiteElo "2513"]
[BlackElo "2455"]
[Annotator "TA"]
[PlyCount "117"]
[EventDate "2019.12.13"]
[EventType "swiss"]
[EventCountry "MEX"]
[SourceTitle "playchess.com"]
[Source "ChessBase"]
[SourceQuality "1"]

{[%evp 20,147,1,6,22,0,0,-8,0,-9,0,-12,23,19,22,12,22,22,21,17,25,22,31,31,42,42,42,0,52,18,53,38,55,37,59,0,57,0,63,63,63,63,58,37,54,0,0,0,0,0,0,0,0,0,6,0,32,12,8,4,8,0,0,0,8,0,0,0,0,0,7,0,0,0,0,0,0,0,96,104,95,8,8,8,8,8,8,8,8,8,8,8,8,0,123,115,243,239,219,219,322,228,295,324,312,291,322,316,302,294,443,424,470,449,521,516,572,553,1779,1449,1788,1373,4975,4610,29976,29977,29981,29982,29981,29982]} 1. e4 e5 2. Nf3 Nc6 3. Bb5 a6 4. Ba4 Nf6 5. O-O Be7 6. Bxc6 dxc6 7. d3 Nd7 8. Nbd2 O-O 9. Nc4 f6 10. Nh4 Nc5 11. Nf5 Ne6 $146 {C85: Closed Ruy Lopez: Deferred Exchange Variation} (11... Bxf5 12. exf5 Qd5 13. Re1 Rfd8 14. Qg4 Bf8 15. h4 Qd4 16. Qh3 b5 17. Be3 Qd7 18. Nd2 Na4 19. Ne4 Nxb2 20. h5 Qf7 {1-0 (39) Le,Q (2715)-Abdulla,A (2472) Batumi 2018}) 12. a4 a5 13. b3 b6 {The position is equal.} 14. h3 Kh8 15. Kh1 Re8 (15... Bc5 {with more complications.} 16. Kg1 g6 17. Nfe3 h5 18. Ba3 Bxa3 19. Nxa3 Kg7) 16. f4 Nxf4 17. Bxf4 exf4 18. Nxe7 Qxe7 19. Rxf4 Be6 20. Ne3 Rad8 21. Qh5 Qf7 22. Qxf7 Bxf7 23. g4 Be6 (23... Bxb3 $11 24. cxb3 Rxd3 {[%mdl 64] Double Attack}) 24. h4 h6 25. Rg1 Rf8 26. Rgf1 Rfe8 27. Rg1 Rf8 28. Rgf1 Rfe8 29. Kg2 Kg8 30. Kf2 c5 31. Rf3 Rd7 32. g5 (32. Rg3 $14) 32... fxg5 33. hxg5 hxg5 34. Rg1 Rf8 35. Rxg5 Rxf3+ 36. Kxf3 $11 {[%mdl 4096] Endgame KRB-KRN} Rf7+ 37. Kg3 Kh7 38. Re5 Rf6 39. Ng2 {Threatening Nf4.} Rg6+ 40. Kf2 {Black must now prevent Nf4.} Rf6+ 41. Kg3 {Strongly threatening Nf4.} Rg6+ 42. Kf2 {aiming for Nf4.} Rf6+ 43. Ke3 Kh6 44. Nf4 {[%csl Gf4][%cal Re5h5]} Bg4 45. Re7 g5 46. Nd5 {[%mdl 64] Double Attack} Rf3+ 47. Kd2 Rf2+ 48. Kc1 c6 {[#]} (48... Bh5 $11) 49. Ne3 $1 $16 {[%cal Re3g4]} Bh3 50. Kd1 (50. Rc7 $16) 50... g4 $11 51. Nf5+ Kg5 52. Rb7 c4 53. bxc4 Kf4 54. Rxb6 g3 55. Nxg3 $1 Kxg3 56. Rxc6 {KRB-KR} Rf1+ (56... Bd7 $11 {keeps the balance.} 57. Rg6+ Kh4) 57. Kd2 $16 {Threatens to win with Ra6.} Ra1 (57... Rf2+ $16 58. Kc3 Bd7 59. Rg6+ Kf4) 58. c5 $18 Rxa4 59. Rg6+ {Played: Rc6-a6} 1-0

[Event "XXXI Torre Memorial 2019"]
[Site "Merida"]
[Date "2019.12.17"]
[Round "8.6"]
[White "Ibarra Chami, Luis Fernando"]
[Black "Obregon Rivero, Juan Carlos"]
[Result "1-0"]
[WhiteElo "2423"]
[BlackElo "2513"]
[Annotator "TA RC"]
[PlyCount "63"]
[EventDate "2019.12.13"]
[EventType "swiss"]
[EventCountry "MEX"]
[SourceTitle "playchess.com"]
[Source "ChessBase"]
[SourceQuality "1"]

{[%evp 25,67,12,23,20,29,39,58,58,52,58,46,26,33,12,26,14,47,22,22,46,56,-17,-17,-29,-19,-20,0,0,0,0,0,-4,0,-77,64,6,476,495,553,551,749,783,935,534]} 1. c4 Nf6 2. Nc3 g6 3. g3 Bg7 4. Bg2 O-O 5. e4 d6 6. Nge2 c5 7. O-O Nc6 8. d3 a6 9. h3 Rb8 10. a4 Ne8 11. Be3 Nc7 12. d4 cxd4 13. Nxd4 Ne6 {[%cal Rg7d4]} 14. Nde2 {A36: Symmetrical English vs ...g6: 4 Bg2 Bg7} Nc5 15. Rb1 f5 16. b4 {White is slightly better.} Nxe4 17. Nxe4 fxe4 18. Qd5+ Kh8 19. Nf4 {[#]} Ne5 $146 ({Predecessor:} 19... Qe8 20. b5 axb5 21. cxb5 Na5 22. Qxe4 Bf5 23. Qb4 Qd8 24. Be4 Rc8 25. Bxf5 Bc3 26. Nxg6+ {1-0 (26) Bachmann,A (2575)-Wan,Y (2504) Cappelle-la-Grande 2014}) 20. b5 {Threatens to win with bxa6.} axb5 21. cxb5 Nf3+ 22. Kh1 e5 23. Ne6 (23. Ne2 $1 $14) 23... Bxe6 $1 $11 24. Qxe6 d5 {[#] ...Rf6 is the strong threat.} 25. Bb6 Rf6 26. Bxd8 Rxe6 27. Bc7 $1 {[%cal Rc7b8]} Rc8 28. Rbc1 Kg8 $1 {Strongly threatening ...Bh6.} 29. a5 (29. h4 $11 {remains equal.}) 29... Nd2 ({Black should play} 29... Bh6 $17 30. Rc5 Bf8) 30. a6 (30. Rfd1 $14) 30... b6 $2 {[%mdl 8192] [#]} (30... Nxf1 31. axb7 Nxg3+ 32. fxg3 $18) (30... bxa6 $11 {and Black is okay.} 31. b6 Nxf1) 31. Bxb6 $1 $18 {[%mdl 512] White is clearly winning.} Ra8 (31... Rxb6 32. Rxc8+) 32. Be3 {Played: Bb6-c7} 1-0

[Event "XXXI Torre Memorial 2019"]
[Site "Merida"]
[Date "2019.12.17"]
[Round "8.7"]
[White "Espinosa Veloz, Ermes"]
[Black "Fernandez De La Vara, Arnaldo"]
[Result "1-0"]
[WhiteElo "2489"]
[BlackElo "2463"]
[Annotator "TA"]
[PlyCount "43"]
[EventDate "2019.12.13"]
[EventType "swiss"]
[EventCountry "MEX"]
[SourceTitle "playchess.com"]
[Source "ChessBase"]
[SourceQuality "1"]

{[%evp 10,147,30,6,10,22,15,0,46,51,45,40,44,48,39,47,51,44,80,57,198,202,210,217,187,179,197,205,292,293,289,293,390,393,397,368,409,421,493,374,373,299,307,293,305,304,262,260,263,137,119,177,290,230,711,685,630,641,569,245,245,238,204,154,154,0,0,0,136,148,154,137,219,204,287,293,432,429,423,431,427,428,428,428,420,427,431,431,407,353,357,351,324,279,290,287,294,184,435,279,462,461,392,203,449,420,547,529,773,484,477,471,707,702,659,657,693,503,1539,1514,1558,1558,1532,1529,1519,1372,1503,585,2775,1296,29971,29975,29976,29976,29977,29978,29978,29978,29998,29999]} 1. e4 c5 2. Nf3 d6 3. d4 cxd4 4. Nxd4 Nf6 5. Nc3 a6 6. Nb3 g6 {B90: Sicilian Najdorf: Unusual White 6th moves, 6 Be3 Ng4 and 6 Be3 e5} 7. Be2 (7. Be3 Bg7 8. Qd2 Ng4 9. Bg5 h6 10. Bh4 g5 11. Bg3 Nc6 12. Be2 Nge5 13. h4 gxh4 14. Bxh4 {0-1 (35) Alekseenko,K (2638)-Nepomniachtchi,I (2763) St Petersburg 2018}) 7... Nbd7 8. Be3 b6 $146 {The position is equal.} ({Predecessor:} 8... b5 9. a4 b4 10. Nd5 Rb8 11. a5 Bg7 12. Nd4 Bb7 13. Nxf6+ Nxf6 14. f3 O-O {0-1 (44) Siljan,M (2067)-Fercec,N (2473) Pula 2014}) 9. g4 Bb7 10. f3 Bg7 11. Qd2 $36 {[%mdl 2048] White has good play.} Qc7 12. h4 b5 13. a3 Nb6 14. Na5 h5 (14... O-O $14) 15. Nxb7 $18 Qxb7 16. Qd4 Nc4 17. Bxc4 bxc4 18. g5 O-O (18... Qxb2 $142 19. Ra2 Qb7) 19. gxf6 Bxf6 20. Qb6 Qd7 21. Nd5 Be5 22. Bd4 {Played: Qb6-c6} 1-0

[Event "XXXI Torre Memorial 2019"]
[Site "Merida"]
[Date "2019.12.17"]
[Round "8.8"]
[White "Rodriguez Vila, Andres"]
[Black "Alvarez Pedraza, Aramis"]
[Result "0-1"]
[WhiteElo "2463"]
[BlackElo "2429"]
[Annotator "TA"]
[PlyCount "40"]
[EventDate "2019.12.13"]
[EventType "swiss"]
[EventCountry "MEX"]
[SourceTitle "playchess.com"]
[Source "ChessBase"]
[SourceQuality "1"]

{[%evp 9,54,16,48,8,60,-28,-20,-32,-28,-40,-31,-13,-18,-16,-13,-39,-5,-56,-42,-52,-64,-59,-53,-62,-62,-112,-105,-95,-101,-154,-129,-342,-247,-243,-232,-459,-452,-1052,-1056,-1045,-1015,-1478,-1412,-1752,-1712,-29988,-29988]} 1. e4 c6 2. d4 d5 3. e5 Bf5 4. h4 Qc7 5. Nc3 a6 6. Be3 {B12: Caro-Kann: Advance Variation} h6 ({Better is} 6... h5 $1 $11) 7. f4 $146 (7. g4 $14 Bh7 8. f4) ({Predecessor:} 7. g4 Bd7 8. h5 e6 9. f4 c5 10. Nf3 cxd4 11. Nxd4 Bb4 12. Qd3 {0-1 (41) Vitiugov,N (2721)-Rozum,I (2590) Sochi 2016}) 7... h5 $1 $11 8. Be2 {The position is equal.} g6 9. Nf3 Nh6 10. Qd2 e6 11. Nd1 Nd7 12. Rc1 Be7 13. b3 (13. Bf2 $11) 13... Ng4 14. Bd3 Ba3 15. Rb1 Bxd3 16. Qxd3 {[#] Strongly threatening b4.} c5 17. Ng5 Nxe3 18. Nxe3 cxd4 {[#]} 19. Nxd5 $1 {[%mdl 512]} exd5 $17 20. e6 $2 (20. O-O $17 {was the only chance.} Qc3 21. e6 Qxd3 22. exd7+ Kxd7 23. cxd3) 20... Bb4+ {Played: Nd7-c5} 0-1

[Event "XXXI Torre Memorial 2019"]
[Site "Merida"]
[Date "2019.12.17"]
[Round "8.9"]
[White "Ramirez, Alejandro"]
[Black "Ochoa de la Rosa, Manuel Dario"]
[Result "1/2-1/2"]
[WhiteElo "2589"]
[BlackElo "2403"]
[Annotator "TA"]
[PlyCount "71"]
[EventDate "2019.12.13"]
[EventType "swiss"]
[EventCountry "MEX"]
[SourceTitle "playchess.com"]
[Source "ChessBase"]
[SourceQuality "1"]

{[%evp 23,71,35,22,22,27,32,64,66,107,108,106,109,105,33,40,48,48,41,52,43,38,0,21,0,0,0,0,0,16,0,32,41,63,55,65,0,0,0,0,0,0,0,0,0,0,0,0,0,0,0]} 1. d4 d5 2. c4 e6 3. Nc3 Nf6 4. cxd5 exd5 5. Bg5 Be7 6. e3 c6 7. Bd3 O-O 8. Nf3 Nbd7 9. Qc2 Re8 10. h3 Nf8 11. O-O Ng6 12. Ne5 Nd7 13. Bxe7 {D36: Queen's Gambit Declined: Exchange Variation: Main line (5 Bg5 c6 6 Qc2)} Qxe7 14. f4 Ngf8 15. Rae1 {White is slightly better.} f6 16. Nf3 Nb6 17. f5 Bd7 {[#]} 18. Nd2 $146 (18. Qb3 $16) ({Predecessor:} 18. g4 c5 19. Qg2 Bc6 20. g5 Nfd7 {1-0 (40) Chatalbashev,B (2575)-Lechtynsky,J (2382) Teplice 2012}) 18... Qd6 $14 19. Nb3 Rad8 20. Nc5 Bc8 21. b4 Nbd7 22. Nxd7 Bxd7 23. b5 cxb5 24. Nxb5 Bxb5 25. Bxb5 Re7 26. Qb3 Kh8 27. Rc1 h6 28. Rc3 $1 Nh7 {[%cal Bf8h7,Bh7g5,Bg5h3][%mdl 32]} 29. Rfc1 (29. Qa3 $1 $14 Qxa3 30. Rxa3) 29... a6 {The position is equal.} 30. Be2 Ng5 31. Rc8 Ree8 32. Rxd8 Rxd8 33. Qxb7 {And now Qc7 would win.} Qg3 34. Qc7 Nxh3+ 35. Kh1 Nf2+ 36. Kg1 {Accuracy: White = 71%, Black = 68%.} 1/2-1/2

[Event "XXXI Torre Memorial 2019"]
[Site "Merida"]
[Date "2019.12.17"]
[Round "8.10"]
[White "Leon Valdes, Jony Wilson"]
[Black "Quesada Perez, Yasser"]
[Result "1/2-1/2"]
[WhiteElo "2398"]
[BlackElo "2582"]
[Annotator "TA"]
[PlyCount "189"]
[EventDate "2019.12.13"]
[EventType "swiss"]
[EventCountry "MEX"]
[SourceTitle "playchess.com"]
[Source "ChessBase"]
[SourceQuality "1"]

{[%evp 20,189,33,25,49,50,62,50,46,60,44,49,58,48,59,55,55,47,43,50,39,0,0,0,0,0,0,0,0,0,0,0,0,0,0,0,0,0,5,7,0,0,0,0,16,15,25,0,31,0,0,8,46,47,46,46,46,46,39,44,59,62,87,73,101,72,102,87,87,87,106,111,87,84,105,72,73,61,70,66,100,93,103,93,101,0,87,82,120,103,124,120,120,120,125,120,121,121,121,122,237,225,357,350,345,333,434,451,519,513,448,312,324,327,302,195,274,170,180,0,244,180,219,72,73,73,79,72,71,71,64,0,0,0,0,0,0,0,0,-12,0,0,0,0,0,0,0,-22,-22,-22,-20,-20,-20,-22,-22,-22,-22,-22,-22,-22,-22,-22,-22,-22,-22,-22,-22,-22,-22,-22,-18,-18]} 1. d4 d5 2. Nf3 Nf6 3. g3 e6 4. c4 Be7 5. Bg2 O-O 6. O-O c6 7. Nc3 b6 8. Nd2 Ba6 9. b3 Nbd7 10. e4 Rc8 11. Bb2 dxc4 {E07: Closed Catalan: Main Line (5 Nf3 0-0 6 0-0 Nbd7)} (11... dxe4 12. Re1 c5 13. Ndxe4 cxd4 14. Qxd4 Nc5 15. Qe3 Qc7 16. Nxc5 Bxc5 17. Qf3 Rfd8 18. Ne2 Qe7 19. Rad1 Rxd1 20. Rxd1 {½-½ (48) Kramnik,V (2796)-Karjakin,S (2762) Nizhnij Novgorod 2013}) 12. Nxc4 b5 13. Ne3 $1 b4 {White is slightly better.} 14. Ne2 Nb6 15. Re1 c5 16. d5 exd5 17. exd5 c4 18. bxc4 Nxc4 $146 ({Predecessor:} 18... Bxc4 19. Nd4 {1-0 (41) Zaichik,G-Ubilava,E (2430) Soviet Union 1979}) 19. Nxc4 Bxc4 20. Nd4 {[%cal Be2d4,Bd4f5,Bf5e7][%mdl 32] And now Nc6 would win.} Nxd5 21. Bxd5 Bxd5 {[#]} 22. Rxe7 $1 {[%mdl 512]} Qxe7 23. Nf5 $1 {[%csl LRd5,LRe7,LRg7][%cal Rf5e7][%mdl 64] Double Attack} Qe4 {[%csl Gd5][%cal Re4h1] [#]} 24. Qxd5 $1 {[%mdl 576] Decoy} Qxd5 (24... Rc1+ $2 25. Rxc1 Qxd5 26. Ne7+ Kh8 27. Nxd5 $18) 25. Ne7+ {[%mdl 64] Double Attack} Kh8 26. Nxd5 a5 27. Ne3 Rfd8 28. Kf1 f6 29. Ke2 Kg8 30. a3 b3 31. a4 Kf7 32. Rb1 Rc6 33. Bc1 Rd4 34. Bd2 Rxa4 35. Rxb3 Rc7 36. Rb5 Ra7 37. Bc3 Ra2+ 38. Kf3 a4 39. Bd4 Rd7 40. Bc5 Rc7 41. Ra5 Rb7 42. Nd5 Rc2 43. Be3 Ra2 44. Nc3 Ra3 45. Nb5 ({Wrong is} 45. Nxa4 $2 Rb4 $19) 45... Rd3 {Threatening ...Rd5.} 46. Ke4 Rdd7 47. Nc3 Rb3 48. Nxa4 Ra3 49. Ra8 Rb7 {Hoping for ...Rb4+.} 50. Bc5 Rab3 51. Rf8+ (51. Bd6 {is interesting.} h5 52. h4 Kg6 53. Nc5 R7b4+ 54. Kd5) 51... Kg6 52. Ra8 (52. Rd8 $16) 52... h5 (52... Kf7 $1 $11 {keeps the balance.}) 53. h4 $16 Kf7 54. Kd5 Rd7+ 55. Kc4 Rb1 56. Nc3 Rc1 57. Rc8 Rc2 58. Be3 {Strongly threatening Kb3.} Rb2 59. Rc5 g6 (59... Kg6 $16 60. Bd4 Rd2) 60. Rc6 $18 Re7 (60... Rd8 $142 61. Bd4 Rxd4+ 62. Kxd4 Rxf2) 61. Bd4 Re6 62. Rc7+ Kf8 63. Kd5 Ra6 64. Ne4 Rb5+ 65. Kc4 Rf5 66. Nc5 Rd6 67. Be3 Kg8 (67... g5 $142 68. Nb3 Rd1 69. hxg5 fxg5) 68. Ne4 Re6 69. Nc5 (69. Rc8+ $142 Kf7 70. Rc7+ Ke8 71. Nc5) 69... Rd6 $1 70. Bf4 Rd1 71. Rb7 (71. Ne6 $18) 71... g5 $16 72. hxg5 fxg5 73. Be3 {Threatens to win with Ne6.} h4 74. gxh4 gxh4 75. Ne4 ({Better is} 75. Rb8+ $14 Kh7 76. Rb7+ Kg6 77. Rb8) 75... h3 $11 {next ...h2 is good for Black.The position is equal.} 76. Rb8+ Rf8 $1 {[%cal Rf8b8]} 77. Nf6+ Kf7 78. Rxf8+ Kxf8 79. Ng4 Kf7 80. Bf4 Ke6 {aiming for ...Kf5!} 81. Bg3 Rd8 82. Ne3 Rd2 83. Kc3 Rxf2 {White must now prevent ...Rf3!} 84. Kd3 (84. Bxf2 $2 {too greedy.} h2 $19) 84... h2 {[#]} 85. Bxh2 $1 {[%mdl 512]} Rxh2 {[%mdl 4096] Endgame KR-KN} 86. Ke4 Rh4+ 87. Kd3 Ke5 88. Nc4+ Kd5 {( -> ...Rd4+)} 89. Ne3+ Kc5 90. Nf5 Rg4 91. Ne3 Rf4 92. Nc2 Rh4 93. Ne3 Rd4+ 94. Kc3 Ra4 95. Kd3 {Accuracy: White = 65%, Black = 57%.} 1/2-1/2